Počet konkurzov na Slovensku vlani klesol o dve pätiny

V r. 2000 klesol na Slovensku a v Bulharsku počet konkurzov. Počet krachujúcich firiem klesol na Slovensku viac ako o dve pätiny. Príčiny - príčina nie je v zákonoch. Novela zákona o konkurze a vyrovnaní z r. 2000 mala naopak motivovať veriteľov na podávanie návrhov na konkurz. Previazanosť vlastníc...

Descrizione completa

Salvato in:
Dettagli Bibliografici
Autore principale: Apolen, Peter
Natura: Capitolo di libro
Lingua:slovacco
Soggetti:
Tags: Aggiungi Tag
Nessun Tag, puoi essere il primo ad aggiungerne!!

MARC

LEADER 00000naa a2200000 4500
001 r041365
005 20230921110941.1
041 0 |a slo 
044 |a SK 
245 1 0 |a Počet konkurzov na Slovensku vlani klesol o dve pätiny  |c Peter Apolen 
520 |a V r. 2000 klesol na Slovensku a v Bulharsku počet konkurzov. Počet krachujúcich firiem klesol na Slovensku viac ako o dve pätiny. Príčiny - príčina nie je v zákonoch. Novela zákona o konkurze a vyrovnaní z r. 2000 mala naopak motivovať veriteľov na podávanie návrhov na konkurz. Previazanosť vlastníckej štruktúry slovenských podnikov, ako jedna z príčin nízkeho počtu návrhov na konkurzy. Nejednotná európska tendencia. 
610 2 0 |a konkurzy 
610 2 0 |a zákony 
610 2 0 |a motivácia 
610 2 0 |a vlastníctvo 
610 2 0 |a podnik 
610 2 0 |a Slovensko 
610 2 0 |a Európa 
610 2 0 |a 2000 
100 1 |a Apolen, Peter